000 00645cam a2200217 4500500
005 20260405003221.0
041 _afre
042 _adc
100 1 0 _aEnjalbert, Cédric
_eauthor
245 0 0 _aAdapte-toi si tu peux !
260 _c2021.
500 _a18
690 _aAdaptation
690 _aBarbara Stiegler
690 _aFrédéric Worms
690 _aImprovisation
690 _aMiguel Benasayag
690 _aNéolibéralisme
786 0 _nPhilosophie magazine | 146 | 2 | 2021-02-01 | p. 40-40 | 1951-1787
856 4 1 _uhttps://shs.cairn.info/magazine-philosophie-magazine-2021-2-page-40?lang=fr&redirect-ssocas=7080
999 _c2065450
_d2065450